|
|
|
|
| LEADER |
00000nam0a2200000 4500 |
| 001 |
218504 |
| 005 |
20231101230212.0 |
| 010 |
|
|
|b 10000 экз.
|
| 035 |
|
|
|a (RuTPU)RU\TPU\book\238533
|
| 090 |
|
|
|a 218504
|
| 100 |
|
|
|a 20120621d1979 m y0rusy50 ca
|
| 101 |
0 |
|
|a rus
|
| 102 |
|
|
|a RU
|
| 105 |
|
|
|a y z 000gy
|
| 200 |
1 |
|
|a Хлеба России
|e стихи
|f сост. И. Лепин ; авт. предисл. О. Шестинский
|
| 210 |
|
|
|a [Пермь]
|c Пермское книжное издательство
|d 1979
|
| 215 |
|
|
|a 158 с.
|d 6 см.
|
| 300 |
|
|
|a В суперобложке.
|
| 330 |
|
|
|a Стихи советских поэтов о русском поле, крестьянском труде.
|
| 606 |
|
|
|a Русская литература современная
|2 stltpush
|3 (RuTPU)RU\TPU\subj\26373
|9 50316
|
| 610 |
1 |
|
|a советская литература
|
| 610 |
1 |
|
|a поэзия
|
| 610 |
1 |
|
|a стихи
|
| 610 |
1 |
|
|a миниатюрные издания
|
| 675 |
|
|
|a Р2
|v 3
|
| 702 |
|
1 |
|a Лепин
|b И.
|4 220
|
| 702 |
|
1 |
|a Шестинский
|b О.
|g Олег
|4 080
|
| 801 |
|
1 |
|a RU
|b 63413507
|c 20120621
|
| 801 |
|
2 |
|a RU
|b 63413507
|c 20180806
|g RCR
|
| 942 |
|
|
|c BK
|